000 02115nam a2200505Ia 4500
001 dia_7456
003 CHAP
005 20250507130558.0
007 ta
008 220117s2018 mx ado frm 001 0 spa d
010 _a179072
040 _cCHAP
_amxchpua
_erda
041 0 _aspa
_beng
090 _aTesis
_bL674
_c2018
100 1 _aLópez Quezada, Marcela Yamilet
240 1 0 _aEvaluation of differents additives in tortillas made with flours of two varieties of temporal wheat (Triticum aestivun L.).
_lEspañol
245 1 0 _aEvaluación de diferentes aditivos en tortillas, elaboradas con harinas de dos variedades de trigo de temporal (Triticum aestivum L.) /
_cMarcela Yamilet López Quezada y Myriam Díaz Noriega
264 _aChapingo, México :
_bEl autor,
_c2018
300 _axi, 144 hojas :
_bilustraciones, gráficas, diagramas, tablas, fotos +
_e1 CD-ROM
336 _2rdacontent
_atexto
_btxt
337 _2rdamedia
_ano mediado
_bn
338 _2rdacarrier
_avolumen
_bnc
500 _aEl CD contiene reporte
502 _aTesis
_b(Ingeniero Agroindustrial) --
_cUACh. Departamento de Ingeniería Agroindustrial,
_d2018
504 _aBibliografía: hojas 120-123
650 1 3 _aAditivos
_2atg
650 1 3 _aEvaluación sensorial de los alimentos
_2atg
650 1 3 _aHarina de trigo
_xVariedades
_2atg
650 1 3 _aPropiedades fisicoquímicas
_2atg
650 1 3 _aTortillas
_xHarina de trigo
_2atg
650 1 3 _aAdditives
_2atg
650 1 3 _aPhysicochemical properties
_2atg
650 1 3 _aSensory evaluation
_2atg
650 1 3 _aTortillas
_xWheat flour
_2atg
650 1 3 _aWheat flour
_xVarieties
_2atg
700 1 _aDíaz Noriega, Myriam
_eautora
700 1 _aBuendía González, María Ofelia
_edirectora
700 1 _aHernández Montes, Arturo
_easesor
700 1 _aVillaseñor Mir, Héctor Eduardo
_easesor
856 4 1 _uhttp://10.13.5.2/tesis/99931.pdf
_yDESCARGAR PDF
901 _aTESIS L674 2018
902 _aM
905 _a5232272018 MX 20048223123322SPA16
942 _cTESIS
_2Clasificación Universidad Autónoma Chapingo
999 _c179072
_d179072